| 000 | 005160000a22001930004500 | ||
|---|---|---|---|
| 001 | 003943 | ||
| 003 | MACL | ||
| 005 | 20150812160843.0 | ||
| 008 | 150812b xxu||||| |||| 00| 0 eng d | ||
| 040 |
_aMACL _cMACL |
||
| 041 | _aEnglish | ||
| 082 | _a370.54/PAT | ||
| 100 |
_aPatri, Vasantha R _92289 |
||
| 245 |
_aEducation In India _bProgrammes And Policies _cVasantha R Patri |
||
| 260 |
_aNew Delhi _c2000 _bIndian Institute Of Councelling, |
||
| 350 | _a475 | ||
| 650 |
_aEducation _95080 |
||
| 942 |
_k371 _cBK _2ddc |
||
| 999 |
_c15836 _d15836 |
||